LEADER 01163nam a2200229 i 4500 001 000000250684 003 CaOOAMICUS 005 20160812000000.0 008 160812s1977 it u000 u ita u 013 $a229589 040 $aSeMil$bita 245 10$aSesta riunione di studio su "La situazione dell'uomo contemporaneo" :$baspetto architettonico-artistico-urbanistico /$cIstituto Superiore di Studi Religiosi "Villa Cagnola" Gazzada (Varese) 260 $a[S.l. :$bs.n.],$c1977. 300 $a102 p. ;$c28 cm. 500 $aAi pie' del front : 12-13 marzo 1977. - Dattiloscritto. 650 4$aAntropologia teologica.$0(OLS)http://semarc/subject/2114 650 4$aUmanesimo contemporaneo.$0(OLS)http://semarc/subject/7564 710 0 $aIstituto Superiore di Studi Religiosi .$0(OLS)http://semarc/name/1950 850 $aSeMil 852 $aSeMil$W1$xVenegono$y1$m6X V 17$j201030$B201030$CSeMilBibl$Z2$F212768 $8B 996 $6245$aSesta riunione di studio su "La situazione dell'uomo contemporaneo" :$baspetto architettonico-artistico-urbanistico$9(OLS)http://semarc/title/352859 996 $6260$a[S.l. :$bs.n.]$9(OLS)http://semarc/publisher/29751 LEADER 01241nam a2200253 i 4500 001 000000071352 003 CaOOAMICUS 005 20130620000000.0 008 130620s1879 xx u000 u fre u 013 $a42524 040 $aSeMil$bita 100 1 $aLa Bouillerie, François-Alexandre <1810-1882>.$0(OLS)http://semarc/name/14413 245 12$aL'homme sa nature, son ame, ses facultés et sa fin d'après la doctrine de Saint Thomas d'Aquin /$cMgr. De La Bouillerie. 250 $a2. éd. 260 $aBruxelles :$bJ. Albanel,$c1879. 260 $aParis :$bVictor Palmé,$c1879. 300 $aXI, 325 p. ;$c24 cm. 650 4$aEscatologia - Concezione [di] Tommaso : d'Aquino.$0(OLS)http://semarc/subject/43830 650 4$aTommaso : d'Aquino - Pensiero antropologico.$0(OLS)http://semarc/subject/9191 850 $aSeMil 852 $aSeMil$W1$xVenegono$y1$m2P IV 39 FA$j37505$B37505$CSeMilBibl$Z2$F37508 $8I 996 $6245$aL'homme sa nature, son ame, ses facultés et sa fin d'après la doctrine de Saint Thomas d'Aquin$9(OLS)http://semarc/title/114746 996 $6260$aParis :$bVictor Palmé$9(OLS)http://semarc/publisher/32015 996 $6260$aBruxelles :$bJ. Albanel$9(OLS)http://semarc/publisher/32016